000 00993nam a2200265Ia 4500
003 OSt
005 20221005103436.0
006 a|||||r|||| 00| 0
007 ta
008 221004b |||||||| |||| 00| 0 hin d
020 _c100
024 _a109808
037 _b550, 17/03/2011, Eastern Book Linkers
_cTextual
040 _aCRL
_cCRL
_bhin
041 _2hin
_ahin
082 _aO1512,1F00,1, 152M9
100 _aहरिराम आचार्य, अनु.
245 0 _aगाहा सतसई
_b गाथा सप्तशती
246 _aGāhā satasaī: gāthā saptashatī
260 _aजयपुर
_bप्राकृत भारती अकादमी भारत
_c1989
300 _a280पृ0
_ccm.
650 _aसंस्कृत साहित्य
942 _hO1512,1F00,1, 152M9
_cTEXL
_2cc
999 _c1010091
_d1010091